000 00706pam a2200229 a 4500
001 3978659
005 20171227034622.0
008 950410s1996 njua b 001 0 eng
010 _a 95016730
020 _a0023408146
040 _aDLC
_cDLC
_dDLC
041 _aeng
080 _a370.78 GAY
082 0 0 _a370.78 GAY
_220
100 1 _a46
101 _aEDU
245 1 0 _aEducational research :
_cL.R. Gay.
504 _aIncludes bibliogaphical references and indexes.
906 _a7
_bcbc
_corignew
_d1
_eocip
_f19
_gy-gencatlg
942 _2ddc
_cBK
999 _c39443
_d39443